| 000 | 01185nam a22003377a 4500 | ||
|---|---|---|---|
| 003 | CHAP | ||
| 005 | 20220329133946.0 | ||
| 008 | 971013s1975 r 00010 d | ||
| 010 | _a13238 | ||
| 011 | _a14210 | ||
| 035 | _a18283 | ||
| 040 | _cCHAP | ||
| 090 | _aTesis | ||
| 100 | 0 | 0 |
_aGómez Hernández, Teodoro. _949757 |
| 245 | 1 | _aFertilización y densidad de siembra en el cultivo de maíz en el sureste del Valle de México; estudio preliminar | |
| 260 |
_aChapingo, Méx. : _bEl autor, _c1975 |
||
| 300 |
_a56 h. _b: apénd. : mapa ; gráfs. |
||
| 502 | _aTesis (Ing. Agr. Esp. en Fitotecnia) -- ENA. Departamento de Fitotecnia | ||
| 590 |
_aALEPH _b10 _c20130110 _lUCH01 _h1232 |
||
| 590 |
_aBATCH-UPD _b10 _c20130110 _lUCH01 _h1211 |
||
| 590 |
_aBATCH-UPD _b10 _c20130410 _lUCH01 _h0750 |
||
| 590 |
_aBATCH-UPD _b10 _c20130914 _lUCH01 _h1405 |
||
| 590 |
_aCONVERSION _b10 _c20130109 _lUCH01 _h1309 |
||
| 650 | 1 | 4 |
_aFertilizantes para maíz. _940625 |
| 650 | 1 | 4 |
_aMaíz _xEspaciamiento. _970946 |
| 650 | 1 | 4 |
_aMaíz _xValle de México. _971077 |
| 901 | _aBK | ||
| 942 | _cFOLL | ||
| 949 |
_bBC _cTES _d-42680 _eTS1 _i18283 _si |
||
| 949 |
_bBC _cTES _d33724000989273 _eTS2 _fc.2 _i18283 _sb |
||
| 999 |
_c13238 _d13238 |
||